000
00284 a2200145 4500
001
59238
020
_a
8574027073
040
_c
Anchieta - Pituba
240
1
0
_a
Claude Debussy
_l
por
245
1
0
_a
Claude Debussy
300
_a
54
362
0
_a
2006
650
4
_a
Música
942
_c
BK
999
_c
59238
_d
59238